000 00639nam a2200217 4500
003 OSt
005 20240622032849.0
006 a
008 240622b |||||||| |||| 00| 0 eng d
020 _a9781435487642
040 _aDWCL-HMN lib.
_cOC
082 _2Second edition
_aCirc. 610 An532 2012
100 _aColbert, Bruce J.
245 _aAn integrated approach to health sciences /
250 _aSecond edition
260 _aN.Y. :
_bDelmar,
_cc2012.
300 _axix,
_b475 p. : col. ill. ;
_c29 cm.
504 _aIncludes index.
650 _a1. Medical sciences-Textbooks.
942 _2ddc
_n0
_cBK-CIRC
_eSecond edition
_kCirc.
999 _c1146
_d1146